Estatísticas para Questionário sobre as maiores cidades do Brasil

Clique aqui para jogar o quiz

Estatísticas Gerais

  • Esse quiz foi jogado 37 vezes
  • A pontuação média é 17 de 20

Estatísticas das Respostas

PopulaçãoCidade% Correto
6,453,682Rio de Janeiro
100%
11,895,893São Paulo
100%
1,864,416Curitiba
97%
2,020,301Manaus
97%
1,472,482Porto Alegre
97%
1,432,844Belém
94%
1,154,617Campinas
94%
2,571,896Fortaleza
94%
2,902,927Salvador
94%
2,491,109Belo Horizonte
91%
1,312,197Guarulhos
84%
2,852,372Brasili
81%
1,412,364Goiânia
81%
1,608,488Recife
81%
862,044Natal
75%
1,005,319Maceió
72%
1,064,197São Luís
72%
853,622Campo Grande
69%
1,031,903São Gonçalo
66%
878,402Duque de Caxias
53%

Distribuição das Pontuações

Percentil de Números Respondidos

Porcentagem de Pessoas com Cada Pontuação

Sua Pontuação Histórica

Você não jogou esse quiz